Marketing v neziskových organizáciách bakalárska práca

Guardado en:
Detalles Bibliográficos
Autor principal: Kolník, Adam
Autor Corporativo: Obchodná fakulta EU. Katedra marketingu
Otros Autores: Pavliková, Marta
Formato: Libro
Lenguaje:eslovaco
Publicado: Bratislava 2014
Etiquetas: Agregar Etiqueta
Sin Etiquetas, Sea el primero en etiquetar este registro!

MARC

LEADER 00000nbm a2200000 4500
001 0188250
005 20170201100935.4
041 0 |a slo 
044 |a SK 
245 1 0 |a Marketing v neziskových organizáciách  |b bakalárska práca  |c Adam Kolník ; školiteľ: Marta Pavliková 
264 1 |a Bratislava  |c 2014 
300 |a 54 s. 
100 1 |a Kolník, Adam 
700 1 |a Pavliková, Marta 
710 2 |a Obchodná fakulta EU. Katedra marketingu